[Event "EU-chT (Men) 20th"]
[Site "Reykjavik"]
[Date "2015.11.15"]
[Round "3.1"]
[White "Carlsen, Magnus"]
[Black "Aronian, Levon"]
[Result "0-1"]
[WhiteElo "2850"]
[BlackElo "2781"]
[Annotator "Adhiban,Baskaran"]
[PlyCount "88"]
[EventDate "2015.11.13"]
[EventType "team-swiss"]
[EventRounds "9"]
[EventCountry "ISL"]
[SourceTitle "CBM 170"]
[Source "ChessBase"]
[SourceDate "2016.01.15"]
[SourceVersion "1"]
[SourceVersionDate "2016.01.15"]
[SourceQuality "1"]
[WhiteTeam "Norway"]
[BlackTeam "Armenia"]
[WhiteTeamCountry "NOR"]
[BlackTeamCountry "ARM"]

{An epic clash between a slightly weakened "slow poison" Carlsen and the improved "I am a different player now" Aronian.} 1. e4 {GM Rafael Leitão Fernandez,Daniel Howard} e5 2. Nf3 Nc6 3. Bb5 Nf6 4. d3 Bc5 ({RR} 4... Ne7) ({RR} 4... d6 5. c3 g6 6. O-O Bg7 7. Re1 O-O 8. Nbd2 a6 ({RR} 8... Nb8) 9. Ba4 b5 10. Bc2 Bb7 11. Nf1 Nb8) 5. O-O (5. Bxc6 dxc6) ({RR} 5. Bxc6 dxc6) 5... Nd4 $5 {A wise decision not allowing Carlsen to take on c6 and get his favourite pawn structure after which you are in for a positional grind.} (5... d6 {One more positional lesson by Carlsen was} 6. Nbd2 $5 (6. Re1 O-O 7. Bxc6 bxc6 8. h3 Re8 ({I wonder what is wrong with} 8... Nd7 $5 9. Nbd2 f5 10. exf5 Rxf5 11. Ne4 Bb6 {Though I fully agree such an overly aggressive attempt weakening the a2-g8 diagonal (even without the presence of the white light-squared bishop) is strictly against the principles of the Berlin :).}) ({RR} 8... Nd7 9. Nbd2 f5 10. exf5 Rxf5 11. Ne4 Bb6) 9. Nbd2 Nd7 10. Nc4 Bb6 11. a4 a5 12. Nxb6 cxb6 13. d4 Qc7 ({Possibly Anand didn't like} 13... Qe7 {because of} 14. b3 {with annoying pressure on the a3-f8 diagonal.}) ({RR} 13... Qe7 14. b3) 14. Ra3 $1 {was an instructive game (Carlsen-Anand 2014), though Black can equalise with accurate play.}) ({RR} 6. Re1 O-O 7. Bxc6 bxc6 8. h3 Re8 9. Nbd2 Nd7 10. Nc4 Bb6 11. a4 a5 12. Nxb6 cxb6 13. d4 Qc7 14. Ra3) 6... O-O 7. Bxc6 bxc6 8. h3 h6 9. Re1 Re8 10. Nf1 a5 11. Ng3 Rb8 12. b3 {Seriously?? Didn't Mr. Carlsen show us that fixing the black pawn structure (against Anand) with a4 is good? Well yet again he shows us that he understands the positional concepts at a much higher level.} Bb4 ({An interesting move was} 12... a4 $5 {but we will have to wait for another Carlsen game for a conclusion in this.}) ({RR} 12... a4) 13. Bd2 Ra8 14. c3 Bc5 15. d4 Bb6 16. dxe5 dxe5 17. c4 $14 {Carlsen-Radjabov 2015, with clear positional superiority.}) ({RR} 5... O-O 6. Bxc6 dxc6 7. Nxe5) ({RR} 5... d6 6. Nbd2 O-O 7. Bxc6 bxc6 8. h3 h6 9. Re1 Re8 10. Nf1 a5 11. Ng3 Rb8 12. b3 Bb4 13. Bd2 Ra8 14. c3 Bc5 15. d4 Bb6 16. dxe5 dxe5 17. c4) 6. Nxd4 Bxd4 7. c3 Bb6 8. Na3 c6 ({RR} 8... O-O 9. Bg5 c6 10. Ba4 h6 11. Bh4 d6 ({RR} 11... d5 12. exd5 cxd5 13. Re1 Bc7) 12. Nc4 Bc7 13. Ne3 Bb6 14. Qf3) 9. Ba4 d6 ({RR} 9... O-O) ({RR} 9... h6 10. d4 d6) 10. Bb3 ({RR} 10. Bc2 Be6 11. Qe2 h6 ({RR} 11... O-O) 12. Kh1 g5 13. Nc4 Bc7 14. Ne3 ({RR} 14. a4) ({RR} 14. Rd1 O-O 15. Ne3 ({RR} 15. d4 Bxc4 16. Qxc4 d5) 15... d5) 14... d5 15. Re1 Qe7 ({RR} 15... d4 16. Nf5 Bxf5 17. exf5 Kf8) 16. a4 O-O-O 17. Rb1 ({RR} 17. exd5 Nxd5 18. Nxd5 Bxd5 19. Be3) 17... d4 18. Nf1 Bb6 ({RR} 18... Nd7) ({RR} 18... g4 19. cxd4 exd4 20. f4 gxf3 21. Qxf3 Ng4) 19. Bd2 Bg4 20. f3 Be6 21. Ng3 Rhg8 ({RR} 21... Ne8 22. c4 Ng7 23. b4 h5 24. Nf5) 22. b4 g4 23. a5 ({RR} 23. cxd4 Bxd4 24. f4) 23... dxc3 ({RR} 23... Bc7 24. Rf1) 24. Bxc3 Bd4 {Caruana,F (2822)-So,W (2778) Stavanger 2018 CBM 185 [Fernandez,Daniel Howard] 1-0 (48)}) 10... a5 11. Nc4 Ba7 $5 {Aronian is the first to deviate and to be honest this seems like the way after a5.} ({Karjakin-Caruana continued} 11... Bc7 {but then why did he play ...a5?}) ({RR} 11... Bc7 12. a4 Be6 13. Ne3 O-O 14. Bc2 d5 15. Qf3 Qd7 16. Nf5 Bxf5 17. exf5 Rfe8 18. Bg5 e4 19. Qh3 exd3 20. Bxd3 Ne4 21. Be3 Re7 22. f3 Nf6 23. Bc5 Bd6 24. Bd4 Be5 25. Bc5 Bd6 26. Bd4 {Balogh,C (2544)-Grischuk,A (2667) London ENG 2025 0-1 (47)}) ({RR} 11... Bc7) 12. a4 $146 ({RR} 12. Ne3 O-O 13. Qf3 d5 14. Bc2 ({RR} 14. exd5 a4 15. Bc2 ({RR} 15. Bxa4 Bxe3) 15... cxd5) 14... g6 ({RR} 14... h6 15. Nf5 Bxf5 16. Qxf5) 15. Re1 Be6 16. exd5 ({RR} 16. h3 d4 17. Nf1 Nh5) 16... cxd5 17. h3 Re8 ({RR} 17... Kg7) 18. Ba4 e4 19. dxe4 dxe4 20. Qe2 Re7 21. Nf1 Qc7 22. Bb3 a4 23. Bxe6 ({RR} 23. Bxa4 Bc4) 23... Rxe6 24. Be3 a3 25. c4 Nh5 ({RR} 25... axb2 26. Qxb2 Nd7 27. Bxa7 Rxa7 28. Ne3 Qe5) 26. g3 Bc5 {Gukesh,D (2743)-Firouzja,A (2760) Toronto CAN 2024 1-0 (63)} ({RR} 26... f5)) ({RR} 12. Kh1 a4 13. Bc2 Ng4 14. Ne3 Bxe3 15. Bxe3 Qh4 16. h3 Nxe3 17. fxe3 Bxh3 18. gxh3 Qxh3+ 19. Kg1 Qg3+ 20. Kh1 {½-½ (20) Karjakin,S (2754)-Aronian,L (2772) Bucharest 2019}) ({RR} 12. Ne3 O-O 13. Qf3 d5 14. Bc2 g6 15. Re1 Be6 16. exd5 cxd5 17. h3 Re8 18. Ba4 e4 19. dxe4 dxe4 20. Qe2 Re7 21. Nf1 Qc7 22. Bb3 a4 23. Bxe6 Rxe6 24. Be3 a3 25. c4 Nh5 26. g3 Bc5 {Gukesh D (2743)-Firouzja,A (2760) Chess.com 2024 [GM Rafael Leitão] 1-0 (63)}) ({RR} 12. Kh1 a4 13. Bc2 Ng4 14. Ne3 Bxe3 15. Bxe3 Qh4 16. h3 Nxe3 17. fxe3 Bxh3 18. gxh3 Qxh3+ 19. Kg1 Qg3+ 20. Kh1) 12... O-O 13. Bg5 h6 14. Bxf6 ({RR} 14. Bh4 g5 15. Bg3 Bg4) ({RR} 14. Bh4) 14... Qxf6 15. Nxa5 {I am not at all sure that such a approach is a good idea against Aronian who doesn't mind giving up a pawn if he can take over the intiative for it!} d5 $1 16. Bc2 (16. exd5 cxd5 17. Bxd5 Qd8 $1 18. Bxb7 Bxb7 19. Nxb7 Qc7 {and finally the greedy knight meets its end.}) ({RR} 16. exd5 cxd5 17. Bxd5 Qd8 18. Bxb7 Bxb7 19. Nxb7 Qc7) 16... dxe4 17. dxe4 Rd8 18. Qe1 (18. Qe2 Qg5 19. Qf3 (19. Nc4 Bg4 $19 {wins on the spot.}) ({RR} 19. Nc4 Bg4) 19... Rd2 $17 {with a dangerous intiative.}) ({RR} 18. Qe2 Qg5 19. Qf3 Rd2) 18... Qg5 19. Kh1 Rd2 20. Bd1 Be6 {Now the brave knight can't return.} 21. b4 Rad8 22. Nxb7 $6 {It was not the time to be greedy.} (22. Be2 $1 {was more tenacious, preparing to exchange a pair of rooks to reduce the intensity.} R8d7 23. Rd1 Rxd1 24. Bxd1 Qc1 25. Bb3 Qxe1 26. Rxe1 Bxb3 27. Nxb3 Bxf2 28. Rb1 $1 {Although Black is still clearly better, the fight is just beginning.}) ({RR} 22. Be2 R8d7 23. Rd1 Rxd1 24. Bxd1 Qc1 25. Bb3 Qxe1 26. Rxe1 Bxb3 27. Nxb3 Bxf2 28. Rb1) 22... Bc4 $1 {Now follows a forced sequence after which Black comes out on top.} 23. Nxd8 Bxf1 24. Qxf1 Rxf2 25. Qg1 Ra2 $1 26. Rxa2 Bxg1 27. Kxg1 Qc1 {The dust has settled and it does seem like White can hope to save the position, but unfortunately for him his pieces are uncoordinated.} 28. Kf2 Qxd1 29. Nxc6 Qb3 30. Rd2 (30. Re2 $5 Qxc3 31. b5 {White anyway can't hope to protect his pawns hence Black goes for a quiet king move preventing e7-d5.} Kf8 $5 {with a winning advantage.} (31... Qc4 {allows} 32. Rb2 $1) ({Or} 31... Kh7)) 30... Qxc3 31. Rd6 Qb2+ 32. Ke3 Qa3+ 33. Kf2 Qxa4 34. Nxe5 Qc2+ $5 {A strong practical decision!} ({After} 34... Qxb4 35. Rd8+ Kh7 36. Nf3 {Black would face an uphill struggle to win this position.}) 35. Kf3 f5 $1 {Getting of the rid of the small shelter which White was hoping to have.} 36. Rd3 fxe4+ 37. Kxe4 Qxg2+ 38. Nf3 Qg4+ 39. Ke3 g5 $5 (39... Qxb4 40. h4 $1 {and White's chances of saving this endgame are quite high!}) 40. Kf2 (40. b5 Qf4+ {[%cal Gg5g4]}) 40... Qf5 $1 {Not allowing White to get coordinated.} 41. Rd8+ Kg7 42. Kg2 g4 43. Nd2 Qe6 $1 {Capitalising on the loosely placed pieces.} 44. Nf1 Qc6+ {A nice effort by Aronian who has definitely made his epic comeback after quite a while! It will be interesting to see how Carlsen will come back to his top form and this is something I will be waiting for!} 0-1

[Event "EU-chT (Men) 20th"]
[Site "Reykjavik"]
[Date "2015.11.19"]
[Round "6.1"]
[White "Leko, Peter"]
[Black "Carlsen, Magnus"]
[Result "0-1"]
[WhiteElo "2708"]
[BlackElo "2850"]
[Annotator "Havasi,Gergo"]
[PlyCount "82"]
[EventDate "2015.11.13"]
[EventType "team-swiss"]
[EventRounds "9"]
[EventCountry "ISL"]
[SourceTitle "CBM 170"]
[Source "ChessBase"]
[SourceDate "2016.01.15"]
[SourceVersion "1"]
[SourceVersionDate "2016.01.15"]
[SourceQuality "1"]
[WhiteTeam "Hungary"]
[BlackTeam "Norway"]
[WhiteTeamCountry "HUN"]
[BlackTeamCountry "NOR"]

1. e4 e5 2. Nf3 Nc6 3. Bb5 a6 4. Ba4 Nf6 5. O-O Be7 6. d3 b5 7. Bb3 O-O 8. Nc3 d6 9. a3 Rb8 $5 10. Be3 (10. h3 {was played in Leko's earlier game against Tomashevsky} h6 11. Ba2 Re8 12. Nh2 Nd4 13. f4 exf4 14. Bxf4 Be6 15. Nf3 Nxf3+ 16. Qxf3 Bxa2 17. Rxa2 Qd7 18. Raa1 Qe6 19. Kh1 Rbc8 20. Bg3 Nd7 21. a4 c6 22. Ne2 Ne5 23. Qf2 Bf8 24. axb5 axb5 25. Ra7 $16 {1-0 (67) Leko,P (2737)-Tomashevsky,E (2709) Kiev UKR 2013. I annotated that game in my article about the a3-line.}) 10... Na5 11. Ba2 c5 12. Nd5 (12. b4 Nc6 13. Nd5 {is also possible.}) 12... c4 (12... Nc6 13. b4 {would transpose to 12.b4.}) (12... Nxd5 13. Bxd5 {is slightly better for White.}) 13. Nxe7+ (13. b4 cxb3 14. cxb3 Nxd5 15. exd5 Nb7 16. b4 {is the suggestiom of the computer, but I can agree with Leko, because Black might be dangerous after f5-f4.}) 13... Qxe7 14. Qd2 Nc6 15. h3 Be6 16. b4 $146 ({RR} 16. Ng5 d5 17. Nxe6 fxe6 18. Rae1 Nh5 19. exd5 {1-0 (19) Blomqvist,E (2505)-Von Bahr,O (2431) Ronneby 2018}) 16... Rfc8 17. c3 cxd3 18. Qxd3 Bxa2 19. Rxa2 d5 $11 {Black has equalised.} 20. Nd2 Qe6 21. Raa1 Ne7 $1 {Preparing d8, c6 and g6.} (21... Rd8 22. Bg5 {was a problem} dxe4 23. Qe2 Ne7 24. Bxf6 Qxf6 25. Nxe4 $11) 22. Bc5 Ng6 23. Rad1 Rd8 (23... Nf4 {is also good} 24. Qf3 Rd8 $15) 24. Qf3 h6 25. Rfe1 Rd7 26. Qf5 Qc6 27. exd5 Rxd5 28. Nf3 $6 (28. Qf3 $1 Rbd8 29. Ne4 Rxd1 30. Nxf6+ Qxf6 31. Rxd1 {is a chance for White to equalise.}) 28... Rbd8 29. Qc2 $6 {Overlooking the ...e4-move.} (29. Rxd5 Rxd5 30. Qc2 $15 {is very good for Black, but not winning.}) 29... Rxd1 30. Rxd1 Rxd1+ 31. Qxd1 Ne4 $17 {Black is practically winning.} 32. Qd8+ Kh7 33. Qb6 Qxb6 34. Bxb6 Nxc3 35. Nd2 Nf4 36. h4 Kg6 37. f3 Kf5 38. Kf2 Nd3+ 39. Kf1 h5 40. Be3 Ke6 41. g3 Kd5 {A very nice game for Carlsen, but White also had some chances to maintain equality.} 0-1

[Event "EU-chT (Men) 20th"]
[Site "Reykjavik"]
[Date "2015.11.21"]
[Round "8.1"]
[White "Nisipeanu, Liviu Dieter"]
[Black "Carlsen, Magnus"]
[Result "1/2-1/2"]
[WhiteElo "2683"]
[BlackElo "2850"]
[PlyCount "87"]
[EventDate "2015.11.13"]
[EventType "team-swiss"]
[EventRounds "9"]
[EventCountry "ISL"]
[SourceTitle "CBM 170"]
[Source "ChessBase"]
[SourceDate "2016.01.15"]
[SourceVersion "1"]
[SourceVersionDate "2016.01.15"]
[SourceQuality "1"]
[WhiteTeam "Germany"]
[BlackTeam "Norway"]
[WhiteTeamCountry "GER"]
[BlackTeamCountry "NOR"]
[WhiteClock "0:36:02"]
[BlackClock "0:48:29"]

1. e4 e5 2. Nf3 Nc6 3. Bb5 a6 4. Bxc6 dxc6 5. O-O Bd6 6. d4 exd4 7. Qxd4 f6 8. Nbd2 Be6 9. b3 Qe7 10. Nc4 Bc5 11. Qd3 Qd7 12. Qxd7+ Bxd7 13. Be3 Be7 $146 ({RR} 13... Bxe3 14. Nxe3 Ne7 15. Rad1 c5 16. e5 Be6 17. exf6 gxf6 18. Nd2 Kf7 19. Ne4 b6 20. f3 h5 21. Rd2 Rhd8 22. Rfd1 Rxd2 23. Rxd2 a5 24. Nc3 Nf5 25. Nxf5 Bxf5 26. Nb5 c6 27. Nd6+ Ke6 28. Nxf5 {Socko,B (2599)-Bartel,M (2649) Warsaw 2016 ½-½ (88)}) 14. Nd4 O-O-O 15. Rad1 Re8 16. f3 Bf8 17. Bf2 Nh6 18. Ne3 Nf7 19. Ne2 g6 20. Nf4 Bg7 21. a4 Re7 22. Nd3 Kb8 23. Nc4 Bc8 24. a5 Rhe8 25. Nc5 f5 26. Bd4 Bxd4+ 27. Rxd4 Ka7 28. exf5 Bxf5 29. Ne4 c5 30. Rd2 Bxe4 31. fxe4 Nd8 32. e5 Nc6 33. Rd5 Nxe5 34. Rxc5 Nc6 35. Rd5 b5 36. axb6+ cxb6 37. Rd6 Kb7 38. Rff6 Rc8 39. Rd2 Rcc7 40. Nd6+ Ka7 41. Rf8 Red7 42. Nc8+ Kb7 43. Nd6+ Ka7 44. Nc8+ 1/2-1/2

[Event "London Classic 7th"]
[Site "London"]
[Date "2015.12.04"]
[Round "1"]
[White "Vachier Lagrave, Maxime"]
[Black "Carlsen, Magnus"]
[Result "1/2-1/2"]
[WhiteElo "2765"]
[BlackElo "2850"]
[Annotator "ChessBase"]
[PlyCount "56"]
[EventDate "2015.12.04"]
[EventType "tourn"]
[EventRounds "9"]
[EventCountry "ENG"]
[EventCategory "22"]
[SourceTitle "CBM 170"]
[Source "ChessBase"]
[SourceDate "2016.01.15"]
[SourceVersion "1"]
[SourceVersionDate "2016.01.15"]
[SourceQuality "1"]
[TimeControl "7200+1605"]
[WhiteClock "1:03:14"]
[BlackClock "0:59:43"]

1. e4 c5 2. Nf3 Nc6 3. d4 cxd4 4. Nxd4 Nf6 5. Nc3 e5 6. Ndb5 d6 7. Bg5 a6 8. Na3 b5 9. Nd5 Be7 10. Bxf6 Bxf6 11. c3 O-O (11... Ne7 12. Nc2 Nxd5 13. Qxd5 Rb8 14. Nb4 Bb7 15. Qd3 O-O 16. Be2 a5 17. Nd5 b4 18. O-O bxc3 19. bxc3 Bg5 20. Rab1 Qd7 21. Rb3 Bc6 22. Rfb1 Rxb3 23. Rxb3 g6 24. Rb6 Rc8 25. h3 Bxd5 26. Qxd5 Rxc3 27. Rxd6 Qe7 28. Bd1 Rc7 29. g3 Kg7 30. Ba4 Bc1 31. Rc6 {1/2-1/2 (31) Giri,A (2793)-Carlsen,M (2853) Saint Louis USA 2015}) (11... Bg5 12. Nc2 O-O 13. a4) 12. Nc2 Rb8 13. a4 $6 {wurde hinterher von Carlsen als ungenau kritisiert - Vachier-Lagrave verwechselte vermutlich die Varianten} (13. Be2) ({oder das aggressivere} 13. h4 {versprechen Weiß mehr Aussichten}) 13... bxa4 14. Ncb4 Nxb4 15. cxb4 Bb7 16. Rxa4 Qc8 (16... Bxd5 {wäre vielleicht eine Möglichkeit gewesen, die Spannung noch weiter aufrecht zu halten} 17. Qxd5 Qd7 18. b3 Rfc8 19. Ra1 (19. Bc4 $2 Rxc4 20. Qxc4 Rc8 $19) 19... Qg4 $1 (19... Rxb4 20. Bxa6 {und hier kann Weiß nicht schlechter stehen}) 20. h3 Qg5 {und Weiß hat Probleme, den König aus dem Zentrum zu bekommen}) 17. Nxf6+ gxf6 18. Bd3 Bc6 19. Rxa6 Rxb4 20. O-O Rd4 21. Qf3 $146 ({RR} 21. Ra3 Bxe4 22. Re1 Bg6 23. Qe2 d5 24. Ba6 Qe6 25. g3 Rb8 26. h4 h5 27. Rc1 Kg7 28. Rac3 Re4 29. Qf1 Rxb2 30. Rc6 Qg4 31. Bd3 Re3 32. Bxg6 Rxg3+ {0-1 (33) Al Tarbosh,W (2235)-Caruana,F (2776) chess.com INT 2025}) 21... Bxe4 {führt forciert ins Dauerschach, doch Schwarz hat keine vorteilsversprechenden Fortsetzungen zur Verfügung} 22. Bxe4 Qxa6 23. Qg4+ Kh8 24. Qf5 Rxe4 25. Qxf6+ Kg8 26. Qg5+ Kh8 27. Qf6+ Kg8 28. Qg5+ Kh8 1/2-1/2

[Event "London Classic 7th"]
[Site "London"]
[Date "2015.12.05"]
[Round "2"]
[White "Carlsen, Magnus"]
[Black "Caruana, Fabiano"]
[Result "1/2-1/2"]
[WhiteElo "2850"]
[BlackElo "2787"]
[Annotator "Sagar,Shah/CB Website"]
[PlyCount "84"]
[EventDate "2015.12.04"]
[EventType "tourn"]
[EventRounds "9"]
[EventCountry "ENG"]
[EventCategory "22"]
[SourceTitle "CBM 170"]
[Source "ChessBase"]
[SourceDate "2016.01.15"]
[SourceVersion "1"]
[SourceVersionDate "2016.01.15"]
[SourceQuality "1"]

1. e4 e5 2. Nf3 Nc6 3. Bb5 Nf6 4. O-O Nxe4 5. Re1 {Magnus goes for a pretty sedate line, trying to get a small edge.} Nd6 6. Nxe5 Be7 7. Bf1 Nxe5 8. Rxe5 O-O 9. Nc3 Ne8 10. Nd5 Bd6 11. Re1 c6 12. Ne3 Be7 13. c4 Nc7 14. d4 d5 15. cxd5 Nxd5 16. Nxd5 cxd5 17. Bf4 {All of this has been seen before in the game Areshechenko-Bacrot in June 2015. White won that game. The position is very symmetrical. However, White seems to have a small edge due to the better placement of his pieces, like the rook being on e1 and the bishop on f4. However, this is nothing much.} Bf6 {.} 18. Be5 Bxe5 19. Rxe5 {One of the reasons why White should have a small edge here is because the d5-pawn is on a light square, which means that the bishop on c8 is slightly a bad piece.} Re8 20. Rxe8+ Qxe8 21. Qb3 {Magnus was playing his moves pretty quickly and confidently.} Qc6 22. Bb5 Qb6 $146 {Black is ready to sacrifice his d5 pawn in order to get some counterplay.} (22... Qd6 23. Rc1 (23. Re1 Be6 $11) 23... Be6 {also looks fine. But Caruana wanted to be more precise and hence chose ...b6 over ...d6.}) ({RR} 22... Qd6 23. Rc1 Bf5 24. g3 Rc8 25. Rxc8+ Bxc8 26. Qa4 a6 27. Bd3 Bd7 28. Qb3 Qc6 29. h4 h6 30. a3 b5 31. Qc3 Qxc3 32. bxc3 Kf8 {½-½ (32) Gao,R (2561)-Xiu,D (2528) Hangzhou 2018}) 23. Qxd5 a6 $1 {Very accurate.} (23... Be6 24. Qc5 $1 Qxc5 25. dxc5 $16 {is just an extra pawn.}) 24. Bd3 {Magnus retreats to a square where he can create some mating threats with d3.} Be6 25. Qe4 g6 26. d5 {It seems as if White has things going his way but Caruana has everything under control.} Bf5 27. Qe2 Bxd3 28. Qxd3 Qxb2 {Black recovers the pawn. However, the d5-pawn is not at all a unit that should be underestimated.} 29. Re1 Rd8 30. d6 Rd7 {Stopping the pawn in its tracks. This is not all easy to defend but Caruana does a fine job.} (30... Qxa2 31. Qd4 $1 {looks pretty dangerous with f6 coming up next.}) 31. g3 $5 {Magnus takes out time to secure his back rank.} Qf6 32. Rd1 Qe5 33. Qa3 a5 34. f4 {This move might well be strong practically, however in the end it was this move that led to the perpetual check.} Qe2 35. Qc1 Qe6 36. Qc5 b5 37. Qxb5 (37. Qe5 $11 {Anand and Aronian analysed this move in their press conference and it is also equal.}) 37... Rxd6 $1 {Caruana is tactically alert and sacrifices his rook in order to get a perpetual check.} 38. Qb8+ Kg7 39. Qxd6 Qe3+ 40. Kg2 Qe2+ 41. Kg1 Qe3+ 42. Kg2 Qe2+ 1/2-1/2